[Event "First Saturday Tournament Budapest IM Ap"]
[Site "Budapest"]
[Date "2010.04.03"]
[Round "1.2"]
[White "Turzo, Attila"]
[Black "Adams, Nick A"]
[Result "1/2-1/2"]
[WhiteElo "2290"]
[BlackElo "2246"]
[PlyCount "160"]
[EventDate "2010.04.03"]

1. e4 e5 2. Nf3 Nc6 3. d4 exd4 4. Bc4 Nf6 5. e5 d5 6. Bb5 Ne4 7. Nxd4 Bc5 8.
Be3 Bxd4 9. Qxd4 O-O 10. Bxc6 bxc6 11. Nc3 Ng5 12. O-O-O Ne6 13. Qd2 Qe7 14. f4
f5 15. exf6 Qxf6 16. Rhf1 g6 17. g4 Ba6 18. Rf3 Rad8 19. f5 d4 20. fxe6 dxc3
21. Rxf6 cxd2+ 22. Rxd2 Rxd2 23. e7 Re8 24. Kxd2 Rxe7 25. Rxc6 Bb5 26. Rf6 a6
27. b3 Rd7+ 28. Kc3 Rf7 29. Rxf7 Kxf7 30. Bf4 Bd7 31. g5 c6 32. Kb4 Bf5 33. Ka5
Bxc2 34. Kxa6 Ke6 35. Kb6 Kd7 36. Kc5 Bd1 37. Kc4 Kc8 38. a4 Kb7 39. a5 Bc2 40.
b4 Bd1 41. Kc5 Bf3 42. Kd6 Be2 43. Ke7 Ka6 44. Bd6 Kb7 45. Kf6 Ka6 46. Kg7 Kb7
47. Kxh7 Bh5 48. Kg7 Ka6 49. Kf6 Kb7 50. Bc5 Ka6 51. Ke5 Kb7 52. h4 Ka6 53. Kd6
Kb7 54. Be3 Bf3 55. Bd4 Bh5 56. Bb6 Bf3 57. Bd8 Bh5 58. Kc5 Bf3 59. Be7 Bh5 60.
a6+ Kxa6 61. Kxc6 Be2 62. Kc5 Kb7 63. b5 Bh5 64. Bd8 Bg4 65. Kd6 Be2 66. b6 Bf3
67. Ke5 Be2 68. Kf6 Bh5 69. Bc7 Kc8 70. Bf4 Kb7 71. Be3 Kc8 72. Ke6 Kb7 73. Kd6
Bf3 74. Bd4 Bh5 75. Ke5 Kc6 76. Bc5 Kb7 77. Kf4 Kc6 78. Ke4 Kb7 79. Kd5 Bf3+
80. Kd6 Bh5 1/2-1/2

[Event "First Saturday Tournament Budapest IM Ap"]
[Site "Budapest"]
[Date "2010.04.03"]
[Round "1.3"]
[White "Farago, Sandor"]
[Black "Szalanczy, Emil"]
[Result "1-0"]
[WhiteElo "2256"]
[BlackElo "2280"]
[PlyCount "123"]
[EventDate "2010.04.03"]

1. e4 c5 2. Nf3 d6 3. b3 Nf6 4. Nc3 a6 5. a4 g6 6. Bb2 Bg7 7. Nd5 Nbd7 8. Bd3
O-O 9. Ne3 b6 10. c4 Bb7 11. Qc2 e5 12. g3 Nb8 13. Nd5 Nc6 14. Be2 Rc8 15. d3
Nxd5 16. cxd5 Nb4 17. Qd2 f5 18. O-O f4 19. Ne1 Rc7 20. gxf4 Rxf4 21. Ng2 Bh6
22. Qd1 Rcf7 23. Bc1 Bc8 24. Bxf4 exf4 25. Bg4 Bg7 26. Rb1 Bd4 27. Kh1 Bxg4 28.
Qxg4 Nxd3 29. Qe2 Ne5 30. f3 a5 31. Ne1 Qf6 32. Nd3 Re7 33. Nb2 Bxb2 34. Rxb2
Kg7 35. Rd2 Nd7 36. Qd3 Re5 37. Qb5 Qe7 38. Rg2 Rh5 39. Qc6 Rh3 40. Qc7 Kf6 41.
Qc8 Rh5 42. Rg4 Kg7 43. Rxf4 Nf6 44. Qe6 Qxe6 45. dxe6 Re5 46. Rg1 Rxe6 47. Rh4
Nd7 48. Rd1 Ne5 49. Rh3 Rf6 50. f4 Rxf4 51. Rxd6 Rxe4 52. Rxb6 h5 53. Rc3 c4
54. bxc4 Nxc4 55. Rb5 Kh6 56. Kg2 h4 57. h3 Rd4 58. Kf1 Nd2+ 59. Ke1 Ne4 60.
Ra3 Nd6 61. Rc5 Ne4 62. Rxa5 1-0

[Event "First Saturday Tournament Budapest IM Ap"]
[Site "Budapest"]
[Date "2010.04.03"]
[Round "1.4"]
[White "Brustkern, Juergen"]
[Black "Nguyen, Thi Mai Hung"]
[Result "1/2-1/2"]
[WhiteElo "2255"]
[BlackElo "2224"]
[PlyCount "96"]
[EventDate "2010.04.03"]

1. d4 d5 2. c4 c6 3. Nc3 Nf6 4. Nf3 e6 5. Bg5 h6 6. Bxf6 Qxf6 7. Qb3 Nd7 8.
O-O-O Be7 9. e3 O-O 10. h4 a5 11. Qc2 Rd8 12. Be2 b5 13. cxb5 cxb5 14. g4 b4
15. g5 Qg6 16. Bd3 Qh5 17. Be2 Ba6 18. Ne5 Bxe2 19. Qxe2 Qxe2 20. Nxe2 Nxe5 21.
dxe5 hxg5 22. hxg5 Bxg5 23. Nd4 Rdc8+ 24. Kb1 Bd8 25. Rc1 g6 26. Nc6 Kg7 27.
Rc2 Bb6 28. Rhc1 Rh8 29. Ne7 Rh5 30. Nc8 Bd8 31. f4 Rh3 32. Re2 Rf3 33. Rc6 g5
34. fxg5 Kg6 35. Kc2 Bxg5 36. Kd3 Rg3 37. Rc7 Bd8 38. Rcc2 Bg5 39. Rc6 Kg7 40.
b3 Rg4 41. Nd6 Ra7 42. Rc8 a4 43. Rh2 Bh4 44. Nb5 Ra5 45. Rb8 axb3 46. axb3 f6
47. exf6+ Kxf6 48. Rb6 Re4 1/2-1/2

[Event "First Saturday Tournament Budapest IM Ap"]
[Site "Budapest"]
[Date "2010.04.03"]
[Round "1.5"]
[White "Franklin, Samuel G A"]
[Black "Tran, Tuan Minh"]
[Result "0-1"]
[WhiteElo "2196"]
[BlackElo "2203"]
[PlyCount "74"]
[EventDate "2010.04.03"]

1. e4 e6 2. d4 d5 3. Nc3 Bb4 4. e5 b6 5. a3 Bxc3+ 6. bxc3 Ba6 7. Bxa6 Nxa6 8.
Qd3 Nb8 9. Nf3 Qd7 10. O-O Qa4 11. Ng5 h6 12. Nh3 Ne7 13. Nf4 g6 14. Nh3 Nbc6
15. f3 O-O-O 16. Nf2 Kb7 17. Ng4 Ng8 18. Bd2 Na5 19. Ne3 Ne7 20. g4 Rc8 21. Be1
c5 22. Bh4 Nec6 23. Rfd1 Rc7 24. f4 Rhc8 25. Be1 Ne7 26. Kh1 cxd4 27. cxd4 Nc4
28. Nxc4 Rxc4 29. c3 h5 30. gxh5 Nf5 31. hxg6 fxg6 32. Bd2 Rh8 33. Rg1 Rh6 34.
Rg2 Rc7 35. Rag1 Rch7 36. Bc1 Rh3 37. Qd2 Nh4 0-1

[Event "First Saturday Tournament Budapest IM Ap"]
[Site "Budapest"]
[Date "2010.04.03"]
[Round "1.6"]
[White "Lyell, Mark"]
[Black "Lengyel, Bela"]
[Result "0-1"]
[WhiteElo "2179"]
[BlackElo "2267"]
[PlyCount "100"]
[EventDate "2010.04.03"]

1. e4 e5 2. Nf3 Nc6 3. d4 exd4 4. Nxd4 Bc5 5. Be3 Qf6 6. c3 Nge7 7. g3 d6 8.
Bg2 Bd7 9. O-O Ne5 10. b4 Bb6 11. Na3 O-O 12. h3 a5 13. f4 N5c6 14. b5 Na7 15.
Rb1 Qh6 16. g4 Rfe8 17. Nac2 Qh4 18. Qd2 Ng6 19. a4 Nc8 20. Nf5 Qd8 21. Bxb6
Nxb6 22. Nce3 Nh4 23. Qd4 Bxf5 24. Nxf5 Nxf5 25. gxf5 Qf6 26. Rbd1 Qxd4+ 27.
Rxd4 f6 28. Rfd1 Re7 29. Bf1 Nd7 30. Bc4+ Kf8 31. Be6 Nc5 32. b6 cxb6 33. Rxd6
Rae8 34. Rxb6 Nxa4 35. Rbd6 Nc5 36. Bd5 Nxe4 37. Bxe4 Rxe4 38. Rb6 Rxf4 39. Rd5
Re7 40. Kg2 Rc4 41. Rxa5 Rxc3 42. Rab5 Re2+ 43. Kf1 Ra2 44. Rb1 Rxh3 45. Kg1
Rg3+ 46. Kh1 Ra4 47. Kh2 Rg5 48. Kh3 Rxf5 49. Rxb7 h5 50. Rg1 Rf3+ 0-1

[Event "First Saturday Tournament Budapest IM Ap"]
[Site "Budapest"]
[Date "2010.04.04"]
[Round "2.3"]
[White "Nguyen, Thi Mai Hung"]
[Black "Franklin, Samuel G A"]
[Result "1-0"]
[WhiteElo "2224"]
[BlackElo "2196"]
[PlyCount "79"]
[EventDate "2010.04.03"]

1. d4 Nf6 2. Bf4 g6 3. e3 Bg7 4. Nf3 O-O 5. Be2 d6 6. O-O c5 7. c3 Nh5 8. Bg5
h6 9. Bh4 g5 10. Nfd2 Nf4 11. exf4 gxh4 12. dxc5 dxc5 13. Nf3 h3 14. Qxd8 Rxd8
15. g3 Nc6 16. Re1 Bg4 17. Nbd2 h5 18. Nf1 b5 19. Rac1 Rab8 20. Ne3 b4 21. Rc2
Be6 22. cxb4 Nxb4 23. Rxc5 Bxa2 24. Ra5 Be6 25. Ne5 Rb7 26. Bxh5 Rd2 27. Re2
Rxe2 28. Bxe2 Bxe5 29. Rxe5 Nc6 30. Rb5 Rd7 31. f5 Ba2 32. Bg4 Rd2 33. Kf1 Bb1
34. Ke1 Rd8 35. Bxh3 Be4 36. Bg4 Nd4 37. Rb4 Bd3 38. Rb7 Nc6 39. h4 Ba6 40. Rc7
1-0

[Event "First Saturday Tournament Budapest IM Ap"]
[Site "Budapest"]
[Date "2010.04.04"]
[Round "2.4"]
[White "Szalanczy, Emil"]
[Black "Brustkern, Juergen"]
[Result "1/2-1/2"]
[WhiteElo "2280"]
[BlackElo "2255"]
[PlyCount "128"]
[EventDate "2010.04.03"]

1. e4 e5 2. f4 d5 3. Nf3 dxe4 4. Nxe5 Nd7 5. d4 exd3 6. Bxd3 Nxe5 7. fxe5 Qh4+
8. g3 Qg4 9. Qxg4 Bxg4 10. Be3 Bb4+ 11. Nc3 Ne7 12. O-O Bxc3 13. bxc3 Nd5 14.
Bd2 Be6 15. a4 a5 16. Rfb1 b6 17. c4 Ne7 18. c5 bxc5 19. Rb5 c4 20. Be4 c6 21.
Rxa5 O-O 22. Rc5 Ra6 23. a5 Rb8 24. Bg5 Bd5 25. Bg2 Re8 26. Rb1 Bxg2 27. Bxe7
Bd5 28. Bd6 f6 29. Rb6 Rea8 30. exf6 gxf6 31. Bc7 R6a7 32. Rb8+ Rxb8 33. Bxb8
Rb7 34. Bf4 Rb1+ 35. Kf2 Rb2 36. Bd2 Rxc2 37. Ke3 Ra2 38. Bc3 Kf7 39. h4 h5 40.
Kd4 Ke6 41. Bb4 Kd7 42. Bc3 Ra3 43. a6 Rxa6 44. Ra5 Rb6 45. Ra8 Ke6 46. Re8+
Kf7 47. Re1 Rb3 48. Rc1 Kg6 49. Kc5 Kf5 50. Kd6 Kg4 51. Bxf6 Kxg3 52. Ke5 Re3+
53. Kf5 Rf3+ 54. Kg5 Rxf6 55. Kxf6 Kxh4 56. Rg1 c3 57. Ke5 Kh3 58. Kf4 h4 59.
Rc1 Kh2 60. Rxc3 h3 61. Rc1 Kg2 62. Rc2+ Kg1 63. Kg3 Bg2 64. Rxc6 Bxc6 1/2-1/2

[Event "First Saturday Tournament Budapest IM Ap"]
[Site "Budapest"]
[Date "2010.04.04"]
[Round "2.5"]
[White "Adams, Nick A"]
[Black "Farago, Sandor"]
[Result "0-1"]
[WhiteElo "2246"]
[BlackElo "2256"]
[PlyCount "48"]
[EventDate "2010.04.03"]

1. c4 Nf6 2. Nc3 c5 3. g3 Nc6 4. Bg2 g6 5. e4 Bg7 6. Nge2 d6 7. d3 O-O 8. a3
Rb8 9. Rb1 a6 10. b4 cxb4 11. axb4 b5 12. cxb5 axb5 13. d4 e5 14. d5 Nd4 15.
Nxd4 exd4 16. Ne2 Re8 17. f3 Nxd5 18. exd5 Bf5 19. Rb3 Rc8 20. Rb2 d3 21. Ra2
dxe2 22. Rxe2 Rxe2+ 23. Kxe2 Rc2+ 24. Kf1 Qb6 0-1

[Event "First Saturday Tournament Budapest IM Ap"]
[Site "Budapest"]
[Date "2010.04.04"]
[Round "2.6"]
[White "Szabo, Bence"]
[Black "Turzo, Attila"]
[Result "1-0"]
[WhiteElo "2326"]
[BlackElo "2290"]
[PlyCount "59"]
[EventDate "2010.04.03"]

1. d4 Nf6 2. c4 e6 3. Nc3 Bb4 4. Qc2 Nc6 5. Nf3 d6 6. Bd2 Qe7 7. a3 Bxc3 8.
Bxc3 O-O 9. g3 e5 10. d5 Nb8 11. Nh4 c6 12. Bg2 cxd5 13. cxd5 Na6 14. O-O Bg4
15. e4 Nh5 16. Rae1 Rac8 17. Nf5 Bxf5 18. exf5 Qg5 19. Re3 Nc5 20. Bf3 Nf6 21.
h4 Qh6 22. Qd1 e4 23. Bg2 Rfe8 24. Bd2 Nxd5 25. Rxe4 Qf6 26. Rxe8+ Rxe8 27.
Bxd5 Qxb2 28. Re1 Rf8 29. Bf4 Qf6 30. Bxd6 1-0

[Event "First Saturday Tournament Budapest IM Ap"]
[Site "Budapest"]
[Date "2010.04.05"]
[Round "3.2"]
[White "Farago, Sandor"]
[Black "Szabo, Bence"]
[Result "1-0"]
[WhiteElo "2256"]
[BlackElo "2326"]
[PlyCount "69"]
[EventDate "2010.04.03"]

1. e4 c5 2. Nf3 d6 3. d4 cxd4 4. Nxd4 Nf6 5. Bd3 e6 6. c4 Be7 7. Nc3 O-O 8. Be3
a6 9. O-O b6 10. f4 Bb7 11. e5 Ne8 12. Qg4 Nd7 13. Qh3 g6 14. Rad1 Qc7 15. f5
exf5 16. e6 Ne5 17. Nxf5 gxf5 18. Rxf5 Nxd3 19. exf7+ Rxf7 20. Rxf7 Kxf7 21.
Qxh7+ Ke6 22. Qh3+ Kf7 23. Rf1+ Nf6 24. Qh7+ Ke6 25. Qf5+ Kf7 26. Nd5 Bxd5 27.
Qxd5+ Kg7 28. Qxd3 Rh8 29. Rf3 Rh4 30. b3 Rg4 31. Qf5 Rg6 32. Bd4 b5 33. h4 Kf7
34. h5 Rh6 35. Qg5 1-0

[Event "First Saturday Tournament Budapest IM Ap"]
[Site "Budapest"]
[Date "2010.04.05"]
[Round "3.3"]
[White "Brustkern, Juergen"]
[Black "Adams, Nick A"]
[Result "1-0"]
[WhiteElo "2255"]
[BlackElo "2246"]
[PlyCount "77"]
[EventDate "2010.04.03"]

1. e4 e5 2. Nf3 Nc6 3. d4 exd4 4. Nxd4 Bc5 5. Be3 Qf6 6. Nb5 Bxe3 7. fxe3 Qh4+
8. g3 Qxe4 9. Nxc7+ Kd8 10. Nxa8 Qxh1 11. Qd6 Nf6 12. Nd2 Ne8 13. Qf4 Qd5 14.
O-O-O Qe5 15. Qxf7 Qxe3 16. Kb1 Qe7 17. Qb3 Qb4 18. Qd3 Qd4 19. Qb3 Nf6 20. c3
Qf2 21. Bb5 Re8 22. Bxc6 bxc6 23. Qa4 Re1 24. Qa5+ Ke7 25. Rxe1+ Qxe1+ 26. Kc2
Qf2 27. Qb4+ Kf7 28. Qb8 Ba6 29. Nc7 Bf1 30. Qb3+ Kg6 31. Qb4 Bh3 32. Qd6 Bf5+
33. Kb3 Qe2 34. Nc4 Bg4 35. Ne5+ Kf5 36. Nd3 Qd1+ 37. Ka3 g5 38. Ne8 Ke4 39.
Nf2+ 1-0

[Event "First Saturday Tournament Budapest IM Ap"]
[Site "Budapest"]
[Date "2010.04.05"]
[Round "3.4"]
[White "Franklin, Samuel G A"]
[Black "Szalanczy, Emil"]
[Result "0-1"]
[WhiteElo "2196"]
[BlackElo "2280"]
[PlyCount "102"]
[EventDate "2010.04.03"]

1. e4 c5 2. Nf3 d6 3. d4 cxd4 4. Nxd4 Nf6 5. Nc3 g6 6. Be3 Bg7 7. f3 Nc6 8. Qd2
O-O 9. Bc4 Bd7 10. O-O-O Ne5 11. Bb3 Rc8 12. Kb1 Nc4 13. Bxc4 Rxc4 14. g4 Qb8
15. h4 Rfc8 16. h5 Rxc3 17. bxc3 b5 18. hxg6 fxg6 19. g5 b4 20. cxb4 Nh5 21.
Ne2 Be6 22. Bd4 Be5 23. f4 Nxf4 24. Bxe5 dxe5 25. Nxf4 exf4 26. Qd4 Rc4 27.
Qd8+ Qxd8 28. Rxd8+ Kg7 29. a3 Rxe4 30. Ra8 Bc4 31. Rh4 a6 32. Kb2 h5 33. gxh6+
Kh7 34. Rf8 g5 35. Rg4 Kxh6 36. Rf5 Be6 37. Rgxg5 Bxf5 38. Rxf5 Kg6 39. Rf8 e5
40. Kc3 Re3+ 41. Kd2 Rxa3 42. c3 Kg5 43. Kd3 Ra1 44. c4 Kg4 45. c5 Kf3 46. c6
Rd1+ 47. Kc4 e4 48. Re8 e3 49. Kc5 e2 50. c7 Rc1+ 51. Kb6 Rxc7 0-1

[Event "First Saturday Tournament Budapest IM Ap"]
[Site "Budapest"]
[Date "2010.04.05"]
[Round "3.5"]
[White "Lyell, Mark"]
[Black "Nguyen, Thi Mai Hung"]
[Result "0-1"]
[WhiteElo "2179"]
[BlackElo "2224"]
[PlyCount "80"]
[EventDate "2010.04.03"]

1. e4 c5 2. c3 g6 3. d4 cxd4 4. cxd4 d5 5. exd5 Nf6 6. Bb5+ Nbd7 7. d6 exd6 8.
Qe2+ Qe7 9. Nc3 a6 10. Bc4 b5 11. Bd5 Ra7 12. Bf3 Nb6 13. Bf4 Bb7 14. Bxb7 Rxb7
15. O-O-O Qxe2 16. Ngxe2 b4 17. Bg5 bxc3 18. Bxf6 cxb2+ 19. Kc2 Rg8 20. Rhe1
Kd7 21. d5 Nc4 22. Nc3 g5 23. Nb1 Rg6 24. Bc3 Bg7 25. Bxg7 Rxg7 26. Re4 Ne5 27.
Re3 Ng4 28. Re2 Rg8 29. Rd3 Rc8+ 30. Rc3 Nf6 31. Rxc8 Kxc8 32. Rd2 Rb5 33. a4
Rb4 34. a5 Kd7 35. f3 Rb5 36. Nc3 b1=Q+ 37. Nxb1 Nxd5 38. Na3 Rxa5 39. Kb3 Ne3
40. g3 Rxa3+ 0-1

[Event "First Saturday Tournament Budapest IM Ap"]
[Site "Budapest"]
[Date "2010.04.05"]
[Round "3.6"]
[White "Lengyel, Bela"]
[Black "Tran, Tuan Minh"]
[Result "1-0"]
[WhiteElo "2267"]
[BlackElo "2203"]
[PlyCount "85"]
[EventDate "2010.04.03"]

1. e4 e6 2. d4 d5 3. Nc3 Bb4 4. e5 b6 5. Qg4 Bf8 6. a4 Ba6 7. Nb5 Qd7 8. Bd3
Ne7 9. Qe2 Bb7 10. b3 a6 11. Na3 c5 12. c3 Nbc6 13. Nc2 Na5 14. Rb1 c4 15. bxc4
dxc4 16. Be4 Rc8 17. Nf3 Bxe4 18. Qxe4 Nd5 19. Bd2 Qxa4 20. Ne3 Nxe3 21. Bxe3
Qc6 22. Qf4 Nb3 23. Ng5 Rc7 24. O-O a5 25. d5 Qxd5 26. Bxb6 Rd7 27. h4 h6 28.
Ne4 Be7 29. Rfd1 Qxd1+ 30. Rxd1 Rxd1+ 31. Kh2 O-O 32. Qg4 Rb1 33. Nf6+ Bxf6 34.
exf6 g6 35. Qf4 g5 36. hxg5 Nd2 37. Bd4 Nf1+ 38. Kh3 Rb5 39. g4 hxg5 40. Qc1 a4
41. Qxf1 Rc8 42. Kg3 e5 43. Qh1 1-0

[Event "First Saturday Tournament Budapest IM Ap"]
[Site "Budapest"]
[Date "2010.04.06"]
[Round "4.2"]
[White "Nguyen, Thi Mai Hung"]
[Black "Lengyel, Bela"]
[Result "1/2-1/2"]
[WhiteElo "2224"]
[BlackElo "2267"]
[PlyCount "68"]
[EventDate "2010.04.03"]

1. d4 Nf6 2. Nf3 b6 3. Bf4 Bb7 4. e3 e6 5. Bd3 Be7 6. h3 a6 7. O-O c5 8. Nbd2
d5 9. c3 Nbd7 10. Qe2 O-O 11. Rad1 b5 12. Bb1 c4 13. Ne5 b4 14. e4 a5 15. Rfe1
a4 16. Bg3 a3 17. exd5 Bxd5 18. Ndxc4 axb2 19. Qxb2 Rc8 20. Nxd7 Nxd7 21. Nd6
Rxc3 22. Ne4 Bxe4 23. Bxe4 Nf6 24. Bc2 Nd5 25. Bb3 Rxg3 26. fxg3 Nc3 27. Rd2
Bf6 28. Kh1 Bxd4 29. Qc2 Qb6 30. Qd3 e5 31. Qc4 Kh8 32. Rd3 Qb7 33. Rxd4 exd4
34. Qxd4 Qb8 1/2-1/2

[Event "First Saturday Tournament Budapest IM Ap"]
[Site "Budapest"]
[Date "2010.04.06"]
[Round "4.3"]
[White "Szalanczy, Emil"]
[Black "Lyell, Mark"]
[Result "1-0"]
[WhiteElo "2280"]
[BlackElo "2179"]
[PlyCount "67"]
[EventDate "2010.04.03"]

1. e4 e5 2. Nf3 Nc6 3. Bb5 f5 4. Nc3 fxe4 5. Nxe4 Nf6 6. Qe2 d5 7. Nxf6+ gxf6
8. d4 Bg7 9. dxe5 O-O 10. e6 Ne5 11. Be3 c6 12. Bd3 Bxe6 13. Nd4 Bd7 14. O-O-O
Qc8 15. Qh5 Nxd3+ 16. Rxd3 Qe8 17. Qh4 c5 18. Nf3 d4 19. Bh6 Bxh6+ 20. Qxh6 Qg6
21. Qd2 Kh8 22. h4 Bf5 23. h5 Qf7 24. Ra3 Rae8 25. Nh4 Qxh5 26. f3 Bd7 27. Rxa7
Bc8 28. Ra5 b6 29. Ra7 Kg8 30. g4 Qg5 31. Nf5 Bxf5 32. gxf5 h6 33. b4 Re3 34.
f4 1-0

[Event "First Saturday Tournament Budapest IM Ap"]
[Site "Budapest"]
[Date "2010.04.06"]
[Round "4.4"]
[White "Adams, Nick A"]
[Black "Franklin, Samuel G A"]
[Result "1-0"]
[WhiteElo "2246"]
[BlackElo "2196"]
[PlyCount "115"]
[EventDate "2010.04.03"]

1. c4 Nf6 2. Nc3 g6 3. g3 Bg7 4. Bg2 O-O 5. Rb1 c6 6. e4 d5 7. cxd5 cxd5 8. e5
Ne4 9. d4 Nc6 10. Nge2 f6 11. exf6 Nxf6 12. O-O Bf5 13. Ra1 Ne4 14. Be3 Kh8 15.
Qb3 Nxc3 16. bxc3 e6 17. Qxb7 Na5 18. Qa6 Nc4 19. Nf4 Qd7 20. Rab1 Bxb1 21.
Rxb1 Rab8 22. Rb3 Rb6 23. Rxb6 Nxb6 24. Bh3 Re8 25. Kg2 Bf8 26. Nd3 Qa4 27. Qb7
Qd7 28. Qxd7 Nxd7 29. Nf4 Nb6 30. Nxe6 Ba3 31. Nc7 Re7 32. Bf4 h5 33. Be6 Kh7
34. Bxd5 Rxc7 35. Bxc7 Nxd5 36. Ba5 Nb6 37. Bxb6 axb6 38. c4 Bb2 39. d5 Kg7 40.
f4 Kf6 41. Kf3 Ke7 42. h3 Bf6 43. g4 Kd6 44. g5 Bd8 45. Ke4 Ke7 46. f5 Kf7 47.
h4 Bc7 48. a4 Bd6 49. f6 Bg3 50. c5 Bxh4 51. cxb6 Bf2 52. a5 Bg1 53. Ke5 Bh2+
54. Ke4 Bg1 55. b7 Bh2 56. a6 Bb8 57. Kd4 Ba7+ 58. Ke5 1-0

[Event "First Saturday Tournament Budapest IM Ap"]
[Site "Budapest"]
[Date "2010.04.06"]
[Round "4.5"]
[White "Szabo, Bence"]
[Black "Brustkern, Juergen"]
[Result "1-0"]
[WhiteElo "2326"]
[BlackElo "2255"]
[PlyCount "77"]
[EventDate "2010.04.03"]

1. d4 Nf6 2. c4 g6 3. Nc3 Bg7 4. e4 d6 5. Nf3 O-O 6. h3 c5 7. d5 b5 8. cxb5 a6
9. a4 Qa5 10. Nd2 Qb4 11. Be2 axb5 12. Bxb5 Ba6 13. Bxa6 Rxa6 14. Qe2 Nfd7 15.
Ra3 c4 16. Qxc4 Qxc4 17. Nxc4 Rc8 18. Nd2 Nc5 19. Ke2 Bxc3 20. Rxc3 Rxa4 21. b3
Rd4 22. Ke3 e5 23. dxe6 Nc6 24. exf7+ Kxf7 25. f3 Ra8 26. Nc4 Ra2 27. e5 Rxc4
28. Rxc4 Nxe5 29. Rc3 Nc6 30. Rd1 Ke6 31. Rd2 Ra8 32. Kf2 h5 33. Re2+ Kd7 34.
Be3 Ne6 35. Rd2 Ne5 36. b4 Rc8 37. Bc5 Nf7 38. Rcd3 Nf4 39. Rxd6+ 1-0

[Event "First Saturday Tournament Budapest IM Ap"]
[Site "Budapest"]
[Date "2010.04.06"]
[Round "4.6"]
[White "Turzo, Attila"]
[Black "Farago, Sandor"]
[Result "1/2-1/2"]
[WhiteElo "2290"]
[BlackElo "2256"]
[PlyCount "57"]
[EventDate "2010.04.03"]

1. Nf3 Nf6 2. g3 g6 3. Bg2 Bg7 4. O-O O-O 5. c4 c5 6. Nc3 Nc6 7. d3 e5 8. Ne1
d6 9. Nc2 Bg4 10. h3 Bd7 11. Ne3 Re8 12. Ned5 Nxd5 13. Nxd5 Rb8 14. Rb1 b6 15.
a3 Nd4 16. e3 Ne6 17. b4 Qc8 18. Kh2 Bc6 19. Bb2 Qd7 20. b5 Ba8 21. a4 Nc7 22.
Nxc7 Qxc7 23. Bxa8 Rxa8 24. Qf3 Qd7 25. Qd5 Rac8 26. Kg2 Qe6 27. Qxe6 Rxe6 28.
Rbd1 Rd8 29. e4 1/2-1/2

[Event "First Saturday Tournament Budapest IM Ap"]
[Site "Budapest"]
[Date "2010.04.07"]
[Round "5.4"]
[White "Lyell, Mark"]
[Black "Adams, Nick A"]
[Result "1-0"]
[WhiteElo "2179"]
[BlackElo "2246"]
[PlyCount "131"]
[EventDate "2010.04.03"]

1. e4 e5 2. Nf3 Nc6 3. d4 exd4 4. Nxd4 Bc5 5. Be3 Qf6 6. c3 Nge7 7. Qd2 d5 8.
Nb5 Bxe3 9. Qxe3 O-O 10. Nd2 Bd7 11. Be2 Rac8 12. O-O a6 13. Na3 Rfe8 14. Rad1
d4 15. cxd4 Nf5 16. exf5 Rxe3 17. fxe3 Re8 18. Nc2 Qg5 19. e4 Qe7 20. a3 Nd8
21. Ne3 Qd6 22. Ndc4 Qh6 23. Ng4 Qg5 24. Nce5 h5 25. Nf2 Bb5 26. Bxb5 axb5 27.
Nf3 Qh6 28. d5 f6 29. Nd4 c6 30. d6 Kf7 31. d7 Rg8 32. Ne6 Ke7 33. Rd3 g6 34.
Nh3 Nxe6 35. fxe6 Rd8 36. Rfd1 Kxe6 37. g3 g5 38. Rd6+ Ke5 39. Nf2 g4 40. Kg2
Qf8 41. R6d2 Ke6 42. Nd3 h4 43. Nf4+ Kf7 44. Rd6 Qe7 45. Ne6 Qxe6 46. Rxe6 h3+
47. Kf2 Kxe6 48. Ke3 Ke5 49. Rd2 b6 50. Rd4 f5 51. exf5 Kxf5 52. Rd6 Ke5 53.
Rxc6 Rxd7 54. Rxb6 Rd5 55. Rh6 Rd1 56. Rh5+ Kf6 57. Rxb5 Rh1 58. Kf4 Rxh2 59.
Kxg4 Rh1 60. Kh4 Kg6 61. g4 Kg7 62. Kg3 Kg6 63. a4 Kg7 64. a5 Kg8 65. b4 Kf7
66. a6 1-0

[Event "First Saturday Tournament Budapest IM Ap"]
[Site "Budapest"]
[Date "2010.04.07"]
[Round "5.5"]
[White "Lengyel, Bela"]
[Black "Szalanczy, Emil"]
[Result "1/2-1/2"]
[WhiteElo "2267"]
[BlackElo "2280"]
[PlyCount "35"]
[EventDate "2010.04.03"]

1. e4 c5 2. Nf3 d6 3. d4 cxd4 4. Nxd4 Nf6 5. Nc3 g6 6. Be2 Nc6 7. Nb3 Bg7 8.
O-O O-O 9. Kh1 Be6 10. f4 Rc8 11. f5 Bd7 12. Bg5 Ne5 13. Bxf6 Bxf6 14. Nd5 Bg5
15. c3 Bc6 16. Qd4 e6 17. Nf4 Qe7 18. Rad1 1/2-1/2

[Event "First Saturday Tournament Budapest IM Ap"]
[Site "Budapest"]
[Date "2010.04.07"]
[Round "5.6"]
[White "Tran, Tuan Minh"]
[Black "Nguyen, Thi Mai Hung"]
[Result "1-0"]
[WhiteElo "2203"]
[BlackElo "2224"]
[PlyCount "109"]
[EventDate "2010.04.03"]

1. d4 d5 2. Nf3 c5 3. dxc5 e6 4. c4 Bxc5 5. cxd5 exd5 6. e3 Nf6 7. Nc3 Nc6 8.
Be2 O-O 9. O-O a6 10. Qc2 Qe7 11. Rd1 Be6 12. Nd4 Nxd4 13. exd4 Ba7 14. Bg5
Rac8 15. Bf3 Rfd8 16. Qd2 Rc4 17. Qe3 Qd7 18. Bxf6 gxf6 19. Be2 Rcc8 20. Qh6
Qe7 21. Re1 f5 22. Rad1 Qf8 23. Qh4 Qg7 24. Rd3 Kh8 25. Red1 Bb8 26. f4 Ba7 27.
Kh1 f6 28. Rg3 Qe7 29. Re3 Rd6 30. Bf3 Qf8 31. Re2 Rcd8 32. Qf2 Qf7 33. Qe3 Qc7
34. Red2 b5 35. a3 Bb8 36. Re1 Kg7 37. Qd3 Qc4 38. Qb1 Qc8 39. Bd1 Rc6 40. g3
Bd6 41. Na2 Bf8 42. Bc2 Qd7 43. Bd3 Rb8 44. b4 Bd6 45. Rde2 Re8 46. Nc1 Bf8 47.
Nb3 Kf7 48. Nc5 Bxc5 49. bxc5 Rcc8 50. Kg1 Rb8 51. Kf2 Rbd8 52. Re3 Qc8 53. Qd1
Kg7 54. Qh5 Bd7 55. Re7+ 1-0

[Event "First Saturday Tournament Budapest IM Ap"]
[Site "Budapest"]
[Date "2010.04.08"]
[Round "6.2"]
[White "Szalanczy, Emil"]
[Black "Tran, Tuan Minh"]
[Result "0-1"]
[WhiteElo "2280"]
[BlackElo "2203"]
[PlyCount "94"]
[EventDate "2010.04.03"]

1. e4 e6 2. d4 d5 3. Nc3 Bb4 4. e5 b6 5. Nh3 Qd7 6. Nf4 g6 7. h4 h5 8. g4 hxg4
9. h5 g5 10. Nd3 Be7 11. Qxg4 Nh6 12. Qg1 Nc6 13. Be3 Nf5 14. O-O-O Bb7 15. Ne2
O-O-O 16. Qg4 Na5 17. Bd2 Nc4 18. Rh3 c5 19. Bc3 Kb8 20. Kb1 Qc7 21. Rf3 Rc8
22. Ka1 Rh7 23. Rc1 cxd4 24. Nxd4 Nxd4 25. Bxd4 Nd2 26. Rxf7 Rxf7 27. Qxe6 Rcf8
28. Be2 Nf3 29. c3 Qc8 30. Qg6 Nh4 31. Qh6 Nf5 32. Qg6 Rg7 33. Qxg7 Nxg7 34. h6
Ne6 35. Bg4 Bc6 36. Rh1 Bd7 37. Be3 Nc5 38. Be2 Nxd3 39. Bxd3 Bf5 40. Bb5 Be4
41. Rg1 Rh8 42. f4 Rxh6 43. fxg5 Rh1 44. Rxh1 Bxh1 45. a3 Qg4 46. e6 Bxg5 47.
e7 Bxe7 0-1

[Event "First Saturday Tournament Budapest IM Ap"]
[Site "Budapest"]
[Date "2010.04.08"]
[Round "6.3"]
[White "Adams, Nick A"]
[Black "Lengyel, Bela"]
[Result "1-0"]
[WhiteElo "2246"]
[BlackElo "2267"]
[PlyCount "75"]
[EventDate "2010.04.03"]

1. c4 e5 2. Nc3 Nf6 3. Nf3 Nc6 4. e4 Bb4 5. d3 d6 6. g3 Bc5 7. Bg2 Nd4 8. Nxd4
Bxd4 9. h3 Be6 10. f4 c6 11. f5 Bd7 12. g4 h6 13. Bf3 Qb6 14. Kf1 Be3 15. Kg2
Ke7 16. b3 Bxc1 17. Rxc1 g6 18. c5 Qb4 19. cxd6+ Qxd6 20. Qc2 gxf5 21. exf5 Nd5
22. Nxd5+ cxd5 23. Qc7 Qxc7 24. Rxc7 Rhc8 25. Rxb7 Rc2+ 26. Kg3 Kd6 27. Bxd5
Bxf5 28. gxf5 Kxd5 29. Rd7+ Kc6 30. Rxf7 Rg8+ 31. Kf3 Rgg2 32. Rf1 h5 33. f6
Kd5 34. Rd7+ Ke6 35. f7 h4 36. f8=N+ Kf6 37. Ke3+ Kg5 38. Rg7+ 1-0